Sociologické školy, směry, paradigmata / [k vydání připravili Miloslav Petrusek, Alena Miltová a Alena Vodáková]
Record details
- ISBN: 80-85850-81-8
- Physical Description: 258 s. ; 21 cm
- Edition: Vyd. 2., dopl.
- Publisher: Praha : Sociologické nakladatelství, 2000
Content descriptions
| Bibliography, etc. Note: | Obsahuje rejstřík Bibliografie na s. 237-258 |
Search for related items by subject
| Subject: | dějiny sociologie > 19.-20. století sociologické teorie > 19.-20. století history of sociology > 19th-20th centuries sociological theories > 19th-20th centuries |
| Genre: | výkladové slovníky přehledy explanatory dictionaries surveys |
Search for related items by series
Available copies
- 3 of 3 copies available at Common Catalog SPOK.
Holds
- 0 current holds with 3 total copies.
Show All Copies
| Location | Call Number / Copy Notes | Barcode | Shelving Location | Status | Due Date |
|---|---|---|---|---|---|
| ETS Library | 301 | 424470011111 | Volný výběr | Available | - |
| Jabok Library | Soc-1.3 | 424480004845 | Odborná literatura | Available | - |
| Jabok Library | Soc-1.3 | 424480028635 | Odborná literatura | Available | - |
| LDR | 01894nam a2200493 a 4500 | ||
|---|---|---|---|
| 001 | 12011 | ||
| 003 | CZ-PrJAB | ||
| 005 | 20220621123124.0 | ||
| 007 | tu | ||
| 008 | 000606s2000 xr e e 000 0 cze | ||
| 015 | . | ‡acnb000966984 | |
| 020 | . | ‡a80-85850-81-8 ‡q(Sociologické nakladatelství ; ‡qváz.) : ‡cKč 200,00 | |
| 035 | . | ‡a(CZ PrNK)cpk20000966984 | |
| 035 | . | ‡a(OCoLC)45034541 | |
| 040 | . | ‡aABA001 ‡bcze | |
| 045 | . | ‡aw-x- | |
| 072 | 7. | ‡a316 ‡xSociologie ‡2Konspekt ‡918 | |
| 080 | . | ‡a316(091) ‡2MRF | |
| 080 | . | ‡a316.2 ‡2MRF | |
| 080 | . | ‡a(038.072) ‡2MRF | |
| 080 | . | ‡a(048.8) ‡2MRF | |
| 082 | 1 | 4. | ‡a301 |
| 245 | 0 | 0. | ‡aSociologické školy, směry, paradigmata / ‡c[k vydání připravili Miloslav Petrusek, Alena Miltová a Alena Vodáková] |
| 250 | . | ‡aVyd. 2., dopl. | |
| 260 | . | ‡aPraha : ‡bSociologické nakladatelství, ‡c2000 | |
| 300 | . | ‡a258 s. ; ‡c21 cm | |
| 490 | 1 | . | ‡aSociologické pojmosloví ; ‡vsv. 4 |
| 504 | . | ‡aObsahuje rejstřík | |
| 504 | . | ‡aBibliografie na s. 237-258 | |
| 648 | 7. | ‡a19.-20. století ‡7ch757015 ‡2czenas | |
| 650 | 0 | 7. | ‡adějiny sociologie ‡7ph135571 ‡y19.-20. století ‡2czenas |
| 650 | 0 | 7. | ‡asociologické teorie ‡7ph137919 ‡y19.-20. století ‡2czenas |
| 650 | 0 | 9. | ‡ahistory of sociology ‡y19th-20th centuries ‡2eczenas |
| 650 | 0 | 9. | ‡asociological theories ‡y19th-20th centuries ‡2eczenas |
| 655 | 7. | ‡avýkladové slovníky ‡7fd133855 ‡2czenas | |
| 655 | 7. | ‡apřehledy ‡7fd133202 ‡2czenas | |
| 655 | 9. | ‡aexplanatory dictionaries ‡2eczenas | |
| 655 | 9. | ‡asurveys ‡2eczenas | |
| 700 | 1 | . | ‡aMiltová, Alena, ‡d1955- ‡7mzk2006324195 ‡4edt |
| 700 | 1 | . | ‡aVodáková, Alena, ‡d1938- ‡7jn19990209998 ‡4edt |
| 700 | 1 | . | ‡aPetrusek, Miloslav, ‡d1936-2012 ‡7jk01092859 ‡4edt |
| 830 | 0. | ‡aSociologické pojmosloví | |
| 910 | . | ‡aABG450 | |
| 910 | . | ‡aABG312 | |
| 995 | . | ‡aska | |
| 999 | . | ‡a8512 ‡bAUTOGEN ‡c8512 ‡tbiblio | |
| 901 | . | ‡a12011 ‡bUnknown ‡c12011 ‡tbiblio ‡sets | |